Sports Quiz

Random Sports or Football Quiz

FIFA 17 highest career mode potentials Quiz Stats

 Plays Quiz not verified by Sporcle

Challenge
Share
Tweet
Embed
Score 0/25 Timer 10:00
0 Plays Today
Football club FIFA player % Correct
Manchester UnitedMarcus Rashford
80.9%
Tottenham HotspurDele Alli
76.6%
Manchester UnitedAnthony Martial
70.8%
Bayern Munich (On loan from Juventus)Kingsley Coman
70.3%
Borussia DortmundOusmane Dembélé
67.6%
Manchester CityLeroy Sané
66.7%
Manchester CityRaheem Sterling
64.3%
A.C MilanGianluigi Donnarumma
56.5%
R.S.C. AnderlechtYouri Tielemans
56.3%
Real MadridMarco Asensio
56%
Atlético MadridSaúl Ñíguez
53.6%
Bayern MunichRenato Sanches
50.7%
Bayer LeverkusenJulian Brandt
49.8%
Football club FIFA player % Correct
Real Betis (on loan from Chelsea)Charly Musonda
46.1%
Manchester UnitedLuke Shaw
45.7%
Manchester CityKelechi Iheanacho
44.9%
ChelseaKurt Zouma
43.7%
Atlético MadridJosé María Giménez
43.2%
Bayer LeverkusenJonathan Tah
41.8%
UD Las Palmas (on loan from Hamburger SV)Alen Halilović
36.2%
Atlético MadridÁngel Correa
32.9%
Borussia MönchengladbachMahmoud Dahoud
27.5%
Schalke 04Breel Donald Embolo
20.3%
UD Las PalmasMauricio Lemos
18.8%
Real BetisAntonio Sanabria
15.7%

You're not logged in!

Compare scores with friends on all Sporcle quizzes.
Join for Free
OR
Log In

You Might Also Like...

Show Comments

Extras

Top Quizzes Today


Score Distribution

Your Account Isn't Verified!

In order to create a playlist on Sporcle, you need to verify the email address you used during registration. Go to your Sporcle Settings to finish the process.

Report this User

Report this user for behavior that violates our Community Guidelines.

Details: